Právní aspekty řízení jakosti

Salvato in:
Dettagli Bibliografici
Autore principale: Jareš, Jaromír
Natura: Libro
Lingua:ceco
Pubblicazione: Praha Institut pro výchovu vedoucích pracovníků MP ČSR 1982
Tags: Aggiungi Tag
Nessun Tag, puoi essere il primo ad aggiungerne!!

MARC

LEADER 00000nam a2200000 4500
001 c136912
005 20251110130710.7
041 0 |a cze 
044 |a CZ 
245 1 0 |a Právní aspekty řízení jakosti  |c Jaromír Jareš 
264 1 |a Praha  |b Institut pro výchovu vedoucích pracovníků MP ČSR  |c 1982 
300 |a 83 s. 
100 1 |a Jareš, Jaromír